000 00627nam a2200205Ia 4500
005 20250508162925.0
008 008 250505s9999 xx 000 0 eng d
037 _aTextual
040 _aFEDL
_beng
_cFEDL
041 _aeng
_2eng
084 _a491.25, BHA
_qFEDL
100 _aBhandarkar Ram Krishna Gopal
_9501795
245 0 _aSecond book of Sanskrit: Being a treatese on grammar with exercises
260 _aNew Delhi, India
_bLight and Life Publishers
_c1978
300 _axvi,257p
365 _aINR
_b100
650 _aSanskrit language
942 _cTEXL
_h491.25, BHA
999 _c1379460
_d1379460